书目信息 |
| 题名: |
怎样运作学校心理辅导室
|
|
| 作者: | 杨彦平 , 王洪明 , 鞠瑞利 著 | |
| 分册: | ||
| 出版信息: | 上海 上海科技教育出版社 2016.07 |
|
| 页数: | 148页 | |
| 开本: | 26cm | |
| 丛书名: | 学校心理辅导实务丛书 | |
| 单 册: | ||
| 中图分类: | G479 | |
| 科图分类: | ||
| 主题词: | 学校管理 | |
| 电子资源: | ||
| ISBN: | 978-7-5428-6419-2 | |
| 000 | 00777nam0 2200241 45 | |
| 001 | 2150520968 | |
| 005 | 20211220140344.73 | |
| 010 | @a978-7-5428-6419-2@dRMB 38.00 | |
| 100 | @a20211220d2016 km y0chiy0120 ea | |
| 101 | 0 | @achi |
| 102 | @aCN@b310000 | |
| 200 | 1 | @a怎样运作学校心理辅导室@Azen yang yun zuo xue xiao xin li fu dao shi@f杨彦平, 王洪明, 鞠瑞利著@Fyang yan ping,wang hong ming,ju rui li zhu |
| 210 | @a上海@c上海科技教育出版社@d2016.07 | |
| 215 | @a148页@d26cm | |
| 225 | 2 | @a学校心理辅导实务丛书 |
| 410 | 0 | @12001 @a学校心理辅导实务丛书 |
| 606 | 0 | @a学校管理 |
| 690 | @aG479@v4 | |
| 701 | 0 | @a杨彦平@Ayang yan ping@4著 |
| 701 | 0 | @a王洪明@Awang hong ming@4著 |
| 701 | 0 | @a鞠瑞利@Aju rui li@4著 |
| 801 | 0 | @aCN@bPFT@c20211220 |
| 905 | @a10447@dG479@eY314 | |
| 怎样运作学校心理辅导室/杨彦平, 王洪明, 鞠瑞利著.-上海:上海科技教育出版社,2016.07 |
| 148页;26cm.-(学校心理辅导实务丛书) |
| ISBN 978-7-5428-6419-2:RMB 38.00 |
| ● |
| 相关链接 |
|
|
|
正题名:怎样运作学校心理辅导室
索取号:G479/Y314
 
预约/预借
| 序号 | 登录号 | 条形码 | 馆藏地/架位号 | 状态 | 备注 |
| 1 | 1503136 | 215031365 | 大学生心理健康教育指导中心资料室/ [索取号:G479/Y314] | 在馆 |